Elements of continuous multivariate analysis /

Guardado en:
Autor Principal: Dempster, A. P. 1929-
Formato: Libro
Idioma:English
Publicado: Reading, Mass. : Addison-Wesley, c1969.
Series:Addison-Wesley series in behavioral sciences. Quantitative methods
Etiquetas: Agregar Etiqueta
Sin Etiquetas, Sea el primero en etiquetar este registro!
LEADER 00616cam a22001695 4500
001 MAT.inmabb001981
008 690317s1969####maua#####b####001#0#eng#d
005 20130315181909.0
245 1 0 |a Elements of continuous multivariate analysis /  |c A. P. Dempster. 
260 |a Reading, Mass. :  |b Addison-Wesley,  |c c1969. 
300 |a xii, 388 p. :  |b il. ;  |c 24 cm. 
440 0 |a Addison-Wesley series in behavioral sciences.  |p Quantitative methods 
504 |a Bibliografía: p. 375-381. 
100 1 |a Dempster, A. P.  |q (Arthur Pentland),  |d 1929- 
084 |a 62Hxx  |2 msc2000 
010 |a  68057774  
859 |h 62  |i D389  |p A-3625  |b BIB. MATEMATICA